| 000 | 00559nam a22001577a 4500 | ||
|---|---|---|---|
| 005 | 2012050209569.0 | ||
| 020 |
_a8173413762 _c1995.00 |
||
| 035 | _aB-217131 | ||
| 037 |
_aDPL _bENG |
||
| 100 |
_aSrivastav, V.P. _946186 |
||
| 245 |
_aHIV - AIDS and human rights / _cby V.P. Srivastav |
||
| 260 |
_aDelhi _bIndian Publishers Distributors _c2006 |
||
| 300 |
_axviii, 582p. _c26 cms. |
||
| 942 |
_2ddc _cEN _h323.1 _mSRI |
||
| 999 |
_c65964 _d65964 |
||